Logo CIB grande

MANUAL DE MANTENIMIENTO INDUSTRIAL: ORGANIZACION, INGENIERIA MECANICA, ELECTRICA, QUIMICA, CIVIL, PROCESOS Y SISTEMAS (TOMO 3) (Registro nro. 235287)

Detalles MARC
000 -LEADER
campo de control de longitud fija 00662nam a2200217Ia 4500
005 - FECHA Y HORA DE LA ÚLTIMA TRANSACCIÓN
campo de control 20250425162729.0
008 - DATOS DE LONGITUD FIJA--INFORMACIÓN GENERAL
campo de control de longitud fija 250425s9999 xx 000 0 und d
041 ## - CÓDIGO DE IDIOMA
Código de lengua del texto/banda sonora o título independiente spa
082 ## - NÚMERO DE LA CLASIFICACIÓN DECIMAL DEWEY
Número de clasificación 620.0046
010 ## - NÚMERO DE CONTROL DE LA BIBLIOTECA DEL CONGRESO
Número de control de LC 103833
100 ## - ENTRADA PRINCIPAL--NOMBRE DE PERSONA
Nombre de persona MORROW, L. C.
245 #0 - MENCIÓN DEL TÍTULO
Título MANUAL DE MANTENIMIENTO INDUSTRIAL: ORGANIZACION, INGENIERIA MECANICA, ELECTRICA, QUIMICA, CIVIL, PROCESOS Y SISTEMAS (TOMO 3)
250 ## - MENCION DE EDICION
Mención de edición 1A ED.
260 ## - PUBLICACIÓN, DISTRIBUCIÓN, ETC.
Lugar de publicación, distribución, etc. MEXICO
260 ## - PUBLICACIÓN, DISTRIBUCIÓN, ETC.
Lugar de publicación, distribución, etc. México
Nombre del editor, distribuidor, etc. CONTINENTAL
Fecha de publicación, distribución, etc. 1986
300 ## - DESCRIPCIÓN FÍSICA
Extensión 502
500 ## - NOTA GENERAL
Nota general Título Traducido: MAINTENANCE ENGINEERING HANDBOOK
650 ## - PUNTO DE ACCESO ADICIONAL DE MATERIA--TÉRMINO DE MATERIA
Término de materia o nombre geográfico como elemento de entrada INGENIERIA INDUSTRIAL-MANUALES
650 ## - PUNTO DE ACCESO ADICIONAL DE MATERIA--TÉRMINO DE MATERIA
Término de materia o nombre geográfico como elemento de entrada MANTENIMIENTO MECANICO
942 ## - ELEMENTOS DE ENTRADA SECUNDARIOS (KOHA)
Tipo de ítem Koha Libros
Existencias
Estatus retirado Estado de pérdida Estado de daño No para préstamo Biblioteca de origen Biblioteca actual Ubicación en estantería Fecha de adquisición Coste, precio normal de compra Etiqueta RFID Total de préstamos Código de barras Copia número Tipo de ítem Koha
        CENTRO DE INFORMACIÓN BIBLIOTECARIA CENTRO DE INFORMACIÓN BIBLIOTECARIA   12/06/2017 10.00 0000000000000000007828   D-107931 2 Libros

Copyright 2025 ESPOL. Todos los derechos reservados.